[Event "Hastings Masters 2016/17"]
[Site "Hastings, England"]
[Date "2016.12.29"]
[Round "2.1"]
[White "Sengupta, Deep"]
[Black "Cheng, Bobby"]
[Result "0-1"]
[WhiteElo "2575"]
[BlackElo "2446"]
[PlyCount "0"]
[EventDate "2016.12.28"]

1. e4 {[%clk 1:40:57]} g6 {[%clk 1:33:58]} 2. d4 {[%clk 1:41:15]} Bg7
{[%clk 1:34:24]} 3. Nc3 {[%clk 1:41:38]} c6 {[%clk 1:34:50]} 4. Nf3
{[%clk 1:40:35]} d5 {[%clk 1:35:15]} 5. h3 {[%clk 1:40:58]} Nf6 {[%clk 1:35:40]}
6. Bd3 {[%clk 1:41:04]} dxe4 {[%clk 1:35:54]} 7. Nxe4 {[%clk 1:41:28]} Nxe4
{[%clk 1:36:17]} 8. Bxe4 {[%clk 1:41:54]} O-O {[%clk 1:36:09]} 9. O-O
{[%clk 1:40:12]} Nd7 {[%clk 1:36:20]} 10. c3 {[%clk 1:29:10]} e5 {[%clk 1:36:05]}
11. Be3 {[%clk 1:14:55]} exd4 {[%clk 1:18:19]} 12. Bxd4 {[%clk 1:15:02]} Nf6
{[%clk 1:18:44]} 13. Bc2 {[%clk 1:05:10]} b6 {[%clk 1:18:46]} 14. Be5
{[%clk 0:57:17]} Bb7 {[%clk 1:14:39]} 15. Nd4 {[%clk 0:42:34]} Qd5
{[%clk 1:11:09]} 16. f4 {[%clk 0:40:52]} c5 {[%clk 1:07:17]} 17. Nf3
{[%clk 0:41:19]} Rad8 {[%clk 1:00:51]} 18. Qe1 {[%clk 0:38:45]} Nh5
{[%clk 0:49:37]} 19. Qh4 {[%clk 0:32:20]} Qc6 {[%clk 0:42:34]} 20. Bxg7
{[%clk 0:25:17]} Kxg7 {[%clk 0:41:58]} 21. f5 {[%clk 0:25:34]} Qc7
{[%clk 0:33:09]} 22. Rf2 {[%clk 0:16:17]} Qg3 {[%clk 0:27:19]} 23. Re1
{[%clk 0:08:51]} Qxh4 {[%clk 0:20:48]} 24. Nxh4 {[%clk 0:09:17]} Rde8
{[%clk 0:21:07]} 25. Rd1 {[%clk 0:05:21]} Nf6 {[%clk 0:19:11]} 26. fxg6
{[%clk 0:04:51]} fxg6 {[%clk 0:14:42]} 27. Nf3 {[%clk 0:04:03]} Re7
{[%clk 0:14:18]} 28. Bb3 {[%clk 0:02:56]} Nh5 {[%clk 0:13:12]} 29. Ng5
{[%clk 0:01:59]} Rxf2 {[%clk 0:10:57]} 30. Kxf2 {[%clk 0:02:27]} Nf4
{[%clk 0:11:18]} 31. Kg3 {[%clk 0:02:36]} Nxg2 {[%clk 0:11:14]} 32. Ne6+
{[%clk 0:01:30]} Kh6 {[%clk 0:09:02]} 33. Rd3 {[%clk 0:00:35]} Ba6
{[%clk 0:08:03]} 34. Rd2 Ne3 {[%clk 0:06:36]} 35. Kf4 {[%clk 0:00:34]} c4
{[%clk 0:06:47]} 0-1

[Event "Hastings Masters 2016/17"]
[Site "Hastings, England"]
[Date "2016.12.29"]
[Round "2.2"]
[White "Das, Arghyadip"]
[Black "Karthikeyan, Murali"]
[Result "1/2-1/2"]
[WhiteElo "2399"]
[BlackElo "2530"]
[PlyCount "0"]
[EventDate "2016.12.28"]

1. e4 {[%clk 1:40:56]} c5 {[%clk 1:38:36]} 2. Nf3 {[%clk 1:41:19]} e6
{[%clk 1:39:00]} 3. d4 {[%clk 1:41:41]} cxd4 {[%clk 1:39:23]} 4. Nxd4
{[%clk 1:42:09]} a6 {[%clk 1:39:45]} 5. c4 {[%clk 1:42:33]} Nf6 {[%clk 1:39:40]}
6. Nc3 {[%clk 1:42:57]} Qc7 {[%clk 1:40:05]} 7. Be2 {[%clk 1:43:23]} Bb4
{[%clk 1:35:19]} 8. O-O {[%clk 1:41:20]} O-O {[%clk 1:34:00]} 9. Qd3
{[%clk 1:24:16]} Nc6 {[%clk 1:24:05]} 10. Bg5 {[%clk 1:14:15]} Be7
{[%clk 1:13:16]} 11. Bh4 {[%clk 1:01:42]} Ne5 {[%clk 1:04:23]} 12. Qg3
{[%clk 0:59:22]} d6 {[%clk 1:03:47]} 13. Rac1 {[%clk 0:59:29]} b6
{[%clk 0:56:18]} 14. Nb3 {[%clk 0:41:18]} Bb7 {[%clk 0:49:50]} 15. Nd2
{[%clk 0:37:45]} h6 {[%clk 0:44:00]} 16. Qe3 {[%clk 0:24:51]} Nxe4
{[%clk 0:25:43]} 17. Bxe7 {[%clk 0:24:59]} Nxd2 {[%clk 0:25:56]} 18. Bxf8
{[%clk 0:24:36]} Nxf1 {[%clk 0:25:53]} 19. Bxd6 {[%clk 0:24:32]} Qxd6
{[%clk 0:25:42]} 20. Bxf1 {[%clk 0:20:45]} Rc8 {[%clk 0:22:27]} 21. Rd1
{[%clk 0:19:55]} Qc7 {[%clk 0:21:32]} 22. Rd4 {[%clk 0:19:09]} Nc6
{[%clk 0:19:36]} 23. Rd2 {[%clk 0:19:14]} Rd8 {[%clk 0:17:50]} 24. Rxd8+
{[%clk 0:16:42]} Qxd8 {[%clk 0:18:18]} 25. a3 {[%clk 0:16:25]} Ne7
{[%clk 0:06:50]} 26. Na4 {[%clk 0:13:10]} Nc8 {[%clk 0:06:30]} 1/2-1/2

[Event "Hastings Masters 2016/17"]
[Site "Hastings, England"]
[Date "2016.12.29"]
[Round "2.3"]
[White "Rasmussen, Allan Stig"]
[Black "Flear, Glenn C"]
[Result "1-0"]
[WhiteElo "2502"]
[BlackElo "2428"]
[PlyCount "0"]
[EventDate "2016.12.28"]

1. e4 {[%clk 1:40:57]} e5 {[%clk 1:40:33]} 2. Nf3 {[%clk 1:41:22]} Nc6
{[%clk 1:40:54]} 3. Bb5 {[%clk 1:41:46]} a6 {[%clk 1:41:10]} 4. Ba4
{[%clk 1:42:12]} Nf6 {[%clk 1:41:18]} 5. O-O {[%clk 1:42:28]} Be7
{[%clk 1:41:25]} 6. Re1 {[%clk 1:42:30]} b5 {[%clk 1:41:45]} 7. Bb3
{[%clk 1:42:57]} d6 {[%clk 1:42:08]} 8. c3 {[%clk 1:43:17]} O-O {[%clk 1:42:28]}
9. h3 {[%clk 1:43:42]} Na5 {[%clk 1:42:15]} 10. Bc2 {[%clk 1:44:06]} c5
{[%clk 1:42:39]} 11. d4 {[%clk 1:44:23]} Qc7 {[%clk 1:42:58]} 12. d5
{[%clk 1:44:38]} Bd7 {[%clk 1:42:07]} 13. b3 {[%clk 1:44:58]} Rfb8
{[%clk 1:36:23]} 14. Be3 {[%clk 1:29:00]} g6 {[%clk 1:31:20]} 15. Nbd2
{[%clk 1:24:50]} c4 {[%clk 1:29:24]} 16. b4 {[%clk 1:19:22]} Nb7 {[%clk 1:29:47]}
17. a4 {[%clk 1:18:11]} a5 {[%clk 0:49:45]} 18. Ra3 {[%clk 1:15:02]} bxa4
{[%clk 0:47:37]} 19. Qa1 {[%clk 1:13:03]} Nh5 {[%clk 0:40:26]} 20. Qa2
{[%clk 1:05:17]} Rc8 {[%clk 0:38:34]} 21. Rb1 {[%clk 1:01:12]} f5
{[%clk 0:25:51]} 22. bxa5 {[%clk 0:59:04]} Nc5 {[%clk 0:25:40]} 23. Rb4
{[%clk 0:39:13]} Rxa5 {[%clk 0:17:45]} 24. exf5 {[%clk 0:32:58]} gxf5
{[%clk 0:16:09]} 25. Nxc4 {[%clk 0:32:47]} Na6 {[%clk 0:12:57]} 26. Rb7
{[%clk 0:27:40]} Qxc4 {[%clk 0:07:32]} 27. Qxc4 {[%clk 0:27:24]} Rxc4
{[%clk 0:07:47]} 28. Rxd7 {[%clk 0:27:37]} Rc7 {[%clk 0:03:41]} 29. Rxc7
{[%clk 0:21:23]} Nxc7 {[%clk 0:04:05]} 30. c4 {[%clk 0:21:38]} e4
{[%clk 0:01:17]} 31. Nd4 {[%clk 0:17:30]} 1-0

[Event "Hastings Masters 2016/17"]
[Site "Hastings, England"]
[Date "2016.12.29"]
[Round "2.4"]
[White "Haria, Ravi"]
[Black "Gormally, Daniel W"]
[Result "*"]
[WhiteElo "2382"]
[BlackElo "2493"]
[PlyCount "0"]
[EventDate "2016.12.28"]

1. Nf3 Nf6 2. g3 g6 3. Bg2 Bg7 4. d4 O-O 5. c4 d6 6. Nc3 c6 7. O-O Qa5 8. e4 e5
9. h3 Nbd7 10. Be3 Re8 11. d5 cxd5 12. cxd5 Nb6 13. Nd2 Bd7 14. Qe2 Rec8 15. Rfc1
Na4 16. Nxa4 Qxa4 17. Nc4 Ne8 18. b3 Qa6 19. Qd2 b6 20. Bf1 Qb7 21. a4 Rc7 22. a5
b5 23. a6 Qc8 24. Na5 Bxh3 25. Nc6 Qd7 26. Bxb5 Qg4 27. Be2 Qxe4 28. f3 Qf5 29.
g4 Qd7 30. Kh2 f5 31. Kxh3 Nf6 32. Kg2 f4 33. Bf2 e4 34. fxe4 Nxe4 35. Qxf4 Nxf2
36. Qxf2 Rf8 37. Qg3 Bxa1 38. Rxa1 Qg7 39. Rf1 Rxf1 40. Bxf1 Rf7 41. Qe3 Qf6 42.
Be2 h5 43. g5 Qb2 44. Nd4 Kh7 45. Nf3 Qc2 46. Kg3 Rc7 47. Bd3 Qd1 48. Qe2 Qxb3
49. Nd4 Qxd5 50. Qxh5+ Kg8 51. Qxg6+ Rg7 1-0

[Event "Hastings Masters 2016/17"]
[Site "Hastings, England"]
[Date "2016.12.29"]
[Round "2.5"]
[White "Hebden, Mark L"]
[Black "Ledger, Andrew J"]
[Result "1-0"]
[WhiteElo "2492"]
[BlackElo "2377"]
[PlyCount "0"]
[EventDate "2016.12.28"]

1. d4 {[%clk 1:40:41]} Nf6 {[%clk 1:40:46]} 2. Nf3 {[%clk 1:41:00]} d5
{[%clk 1:41:05]} 3. c4 {[%clk 1:40:42]} e6 {[%clk 1:41:16]} 4. e3
{[%clk 1:39:13]} Be7 {[%clk 1:40:27]} 5. Nc3 {[%clk 1:38:42]} O-O
{[%clk 1:40:14]} 6. Qc2 {[%clk 1:36:12]} c5 {[%clk 1:38:43]} 7. dxc5
{[%clk 1:35:36]} Bxc5 {[%clk 1:37:51]} 8. cxd5 {[%clk 1:35:11]} exd5
{[%clk 1:36:31]} 9. Be2 {[%clk 1:35:20]} Nc6 {[%clk 1:36:22]} 10. O-O
{[%clk 1:35:42]} Qe7 {[%clk 1:31:59]} 11. a3 {[%clk 1:31:12]} Be6
{[%clk 1:26:08]} 12. b4 {[%clk 1:30:04]} Bb6 {[%clk 1:24:27]} 13. Na4
{[%clk 1:27:02]} Bc7 {[%clk 1:16:10]} 14. Bb2 {[%clk 1:24:02]} Rac8
{[%clk 1:15:31]} 15. Nc5 {[%clk 1:19:32]} Bb8 {[%clk 1:09:10]} 16. Rac1
{[%clk 1:15:31]} Bg4 {[%clk 1:00:51]} 17. Qd1 {[%clk 1:08:29]} Bxf3
{[%clk 0:47:44]} 18. Bxf3 {[%clk 1:08:24]} Ne5 {[%clk 0:47:46]} 19. Be2
{[%clk 1:07:19]} Rfd8 {[%clk 0:45:13]} 20. Bd4 {[%clk 0:59:38]} b6
{[%clk 0:35:03]} 21. Na4 {[%clk 0:51:13]} Nc4 {[%clk 0:29:03]} 22. Nc3
{[%clk 0:51:04]} Qe6 {[%clk 0:17:41]} 23. g3 {[%clk 0:34:28]} Ne4
{[%clk 0:11:40]} 24. Nxe4 {[%clk 0:33:26]} Qxe4 {[%clk 0:07:21]} 25. a4
{[%clk 0:31:52]} Qe6 {[%clk 0:05:55]} 26. b5 {[%clk 0:30:54]} g6 {[%clk 0:04:54]}
27. Qd3 {[%clk 0:29:04]} Be5 {[%clk 0:04:53]} 28. Rfd1 {[%clk 0:28:03]} Nb2
{[%clk 0:04:27]} 29. Rxc8 {[%clk 0:25:45]} Qxc8 {[%clk 0:04:31]} 30. Qb3
{[%clk 0:23:06]} Nxd1 {[%clk 0:03:47]} 31. Bxe5 {[%clk 0:23:20]} Qf5
{[%clk 0:03:38]} 32. f4 {[%clk 0:23:13]} Nxe3 {[%clk 0:02:22]} 33. Qxe3
{[%clk 0:23:27]} Re8 {[%clk 0:01:20]} 34. Qd3 {[%clk 0:17:27]} f6
{[%clk 0:01:22]} 35. Qxd5+ {[%clk 0:09:56]} Kg7 {[%clk 0:01:49]} 36. Qb7+
{[%clk 0:09:13]} Kh6 {[%clk 0:01:35]} 37. g4 {[%clk 0:08:25]} Qb1+
{[%clk 0:01:09]} 38. Kf2 {[%clk 0:08:19]} 1-0

[Event "Hastings Masters 2016/17"]
[Site "Hastings, England"]
[Date "2016.12.29"]
[Round "2.6"]
[White "Galyas, Miklos"]
[Black "Siva, Mahadevan"]
[Result "1-0"]
[WhiteElo "2473"]
[BlackElo "2360"]
[PlyCount "0"]
[EventDate "2016.12.28"]

1. c4 {[%clk 1:40:55]} c5 {[%clk 1:40:11]} 2. g3 {[%clk 1:41:14]} Nf6
{[%clk 1:39:19]} 3. Bg2 {[%clk 1:41:32]} d5 {[%clk 1:39:38]} 4. cxd5
{[%clk 1:41:47]} Nxd5 {[%clk 1:40:02]} 5. Nc3 {[%clk 1:41:54]} Nc7
{[%clk 1:40:23]} 6. Nf3 {[%clk 1:42:15]} Nc6 {[%clk 1:40:45]} 7. Qa4
{[%clk 1:42:03]} Bd7 {[%clk 1:41:02]} 8. Qe4 {[%clk 1:42:03]} g6 {[%clk 1:41:24]}
9. Ne5 {[%clk 1:41:01]} Bg7 {[%clk 1:41:44]} 10. Nxd7 {[%clk 1:41:15]} Qxd7
{[%clk 1:42:05]} 11. O-O {[%clk 1:39:52]} O-O {[%clk 1:42:28]} 12. a3
{[%clk 1:37:33]} Rac8 {[%clk 1:36:06]} 13. Rb1 {[%clk 1:35:15]} Ne6
{[%clk 1:33:55]} 14. b4 {[%clk 1:27:11]} b6 {[%clk 1:32:25]} 15. Qd5
{[%clk 1:08:52]} Rfd8 {[%clk 1:05:57]} 16. Qa2 {[%clk 0:59:52]} cxb4
{[%clk 0:42:01]} 17. axb4 {[%clk 0:59:56]} Bxc3 {[%clk 0:40:30]} 18. dxc3
{[%clk 1:00:17]} Ne5 {[%clk 0:40:43]} 19. Ra1 {[%clk 0:47:46]} Rc7
{[%clk 0:23:26]} 20. Bh3 {[%clk 0:43:44]} Qd5 {[%clk 0:11:48]} 21. Bxe6
{[%clk 0:40:37]} fxe6 {[%clk 0:11:51]} 22. Bf4 {[%clk 0:40:58]} Rxc3
{[%clk 0:10:34]} 23. Rfd1 {[%clk 0:39:49]} Qxd1+ {[%clk 0:10:29]} 24. Rxd1
{[%clk 0:40:11]} Rxd1+ {[%clk 0:10:57]} 25. Kg2 {[%clk 0:40:31]} Nf7
{[%clk 0:07:55]} 26. Qxa7 {[%clk 0:39:42]} g5 {[%clk 0:00:40]} 27. Be3
{[%clk 0:39:21]} Kf8 {[%clk 0:00:44]} 28. Qxb6 {[%clk 0:38:43]} Rd6
{[%clk 0:00:51]} 29. Qa7 {[%clk 0:38:01]} e5 {[%clk 0:00:35]} 30. Bc5
{[%clk 0:38:01]} Re6 {[%clk 0:01:04]} 31. Qd7 {[%clk 0:37:57]} Rg6
{[%clk 0:00:52]} 32. Qxe7+ {[%clk 0:37:09]} Kg7 {[%clk 0:01:20]} 33. Qf8+
{[%clk 0:37:02]} Kf6 {[%clk 0:01:48]} 34. b5 {[%clk 0:36:49]} Rb3
{[%clk 0:01:48]} 35. b6 {[%clk 0:36:58]} 1-0*

[Event "Hastings Masters 2016/17"]
[Site "Hastings, England"]
[Date "2016.12.29"]
[Round "2.7"]
[White "Thybo, Jesper Sondergaard"]
[Black "Kjartansson, Gudmundur"]
[Result "0-1"]
[WhiteElo "2352"]
[BlackElo "2468"]
[PlyCount "0"]
[EventDate "2016.12.28"]

1. e4 {[%clk 1:40:48]} e5 {[%clk 1:40:38]} 2. Nf3 {[%clk 1:41:00]} Nc6
{[%clk 1:41:03]} 3. Bb5 {[%clk 1:40:54]} Nf6 {[%clk 1:41:01]} 4. d3
{[%clk 1:38:41]} Bc5 {[%clk 1:41:02]} 5. c3 {[%clk 1:38:55]} O-O {[%clk 1:40:24]}
6. O-O {[%clk 1:38:54]} d6 {[%clk 1:39:32]} 7. Nbd2 {[%clk 1:36:44]} Ne7
{[%clk 1:39:01]} 8. Re1 {[%clk 1:32:19]} a6 {[%clk 1:34:10]} 9. Ba4
{[%clk 1:32:05]} b5 {[%clk 1:26:16]} 10. Bb3 {[%clk 1:26:25]} Ng6
{[%clk 1:25:47]} 11. Nf1 {[%clk 1:25:06]} Bb6 {[%clk 1:11:45]} 12. Ng3
{[%clk 1:19:29]} c5 {[%clk 1:06:04]} 13. h3 {[%clk 1:11:07]} Re8 {[%clk 1:01:38]}
14. a4 {[%clk 0:54:56]} Rb8 {[%clk 0:53:21]} 15. Bd2 {[%clk 0:43:30]} d5
{[%clk 0:49:10]} 16. axb5 {[%clk 0:36:19]} axb5 {[%clk 0:47:33]} 17. Bg5
{[%clk 0:35:33]} c4 {[%clk 0:38:32]} 18. dxc4 {[%clk 0:34:32]} dxc4
{[%clk 0:38:29]} 19. Bc2 {[%clk 0:34:38]} h6 {[%clk 0:37:15]} 20. Qxd8
{[%clk 0:34:14]} Bxd8 {[%clk 0:37:02]} 21. Be3 {[%clk 0:33:55]} Bb6
{[%clk 0:34:49]} 22. Bxb6 {[%clk 0:30:04]} Rxb6 {[%clk 0:34:32]} 23. Nd2
{[%clk 0:20:24]} Nf4 {[%clk 0:31:14]} 24. Ne2 {[%clk 0:16:31]} Rd6
{[%clk 0:29:54]} 25. Nf3 {[%clk 0:13:43]} N6h5 {[%clk 0:20:03]} 26. Nxf4
{[%clk 0:13:34]} Nxf4 {[%clk 0:20:19]} 27. Kf1 {[%clk 0:09:40]} f6
{[%clk 0:19:04]} 28. Red1 {[%clk 0:09:33]} Rxd1+ {[%clk 0:17:27]} 29. Bxd1
{[%clk 0:08:46]} Be6 {[%clk 0:15:28]} 30. Bc2 {[%clk 0:08:35]} Rb8
{[%clk 0:13:36]} 31. Nd2 {[%clk 0:04:46]} b4 {[%clk 0:13:23]} 32. cxb4
{[%clk 0:05:12]} Rxb4 {[%clk 0:13:46]} 33. Rb1 {[%clk 0:05:35]} Kf7
{[%clk 0:09:41]} 34. h4 {[%clk 0:05:35]} Bd7 {[%clk 0:09:37]} 35. g3
{[%clk 0:03:30]} Ne6 {[%clk 0:09:43]} 36. Kg2 {[%clk 0:03:09]} Nd4
{[%clk 0:09:32]} 37. Bd1 {[%clk 0:03:35]} Ke7 {[%clk 0:08:52]} 38. Rc1
{[%clk 0:03:27]} Be6 {[%clk 0:08:31]} 39. Rb1 {[%clk 0:02:33]} Kd6
{[%clk 0:04:05]} 40. Rc1 {[%clk 0:02:41]} g5 {[%clk 0:01:44]} 41. h5
{[%clk 0:22:41]} g4 {[%clk 0:25:05]} 42. Kf1 {[%clk 0:18:07]} Kd7
{[%clk 0:20:48]} 43. Kg2 {[%clk 0:17:58]} Nb5 {[%clk 0:19:11]} 44. Be2
{[%clk 0:11:54]} Nd6 {[%clk 0:19:10]} 45. Rc2 {[%clk 0:09:47]} f5
{[%clk 0:17:16]} 46. f3 {[%clk 0:08:30]} Ke7 {[%clk 0:15:03]} 47. fxg4
{[%clk 0:06:34]} fxg4 {[%clk 0:13:45]} 48. Nf1 {[%clk 0:04:10]} Kf6
{[%clk 0:09:40]} 49. Ne3 {[%clk 0:04:06]} Kg5 {[%clk 0:09:52]} 0-1

[Event "Hastings Masters 2016/17"]
[Site "Hastings, England"]
[Date "2016.12.29"]
[Round "2.8"]
[White "Praggnanandhaa, R"]
[Black "Bates, Richard A"]
[Result "1/2-1/2"]
[WhiteElo "2452"]
[BlackElo "2347"]
[PlyCount "0"]
[EventDate "2016.12.28"]

1. e4 {[%clk 1:40:23]} c5 {[%clk 1:40:27]} 2. Nf3 {[%clk 1:40:42]} d6
{[%clk 1:40:22]} 3. d4 {[%clk 1:41:06]} cxd4 {[%clk 1:40:47]} 4. Nxd4
{[%clk 1:41:31]} Nf6 {[%clk 1:41:11]} 5. Nc3 {[%clk 1:41:55]} a6 {[%clk 1:41:15]}
6. Be2 {[%clk 1:42:15]} e5 {[%clk 1:40:23]} 7. Nb3 {[%clk 1:42:32]} Be7
{[%clk 1:40:25]} 8. O-O {[%clk 1:42:54]} O-O {[%clk 1:40:17]} 9. Re1
{[%clk 1:43:14]} Be6 {[%clk 1:34:58]} 10. Bf3 {[%clk 1:43:35]} Nbd7
{[%clk 1:32:05]} 11. a4 {[%clk 1:43:49]} Rc8 {[%clk 1:30:31]} 12. a5
{[%clk 1:44:11]} Re8 {[%clk 1:21:46]} 13. Be3 {[%clk 1:37:54]} Qc7
{[%clk 1:13:14]} 14. Nd2 {[%clk 1:37:53]} h6 {[%clk 1:05:50]} 15. Nf1
{[%clk 1:33:35]} Qb8 {[%clk 0:58:47]} 16. Ng3 {[%clk 1:22:58]} b6
{[%clk 0:51:45]} 17. axb6 {[%clk 1:20:53]} Nxb6 {[%clk 0:51:07]} 18. Rxa6
{[%clk 1:20:06]} Nc4 {[%clk 0:50:33]} 19. b3 {[%clk 1:19:08]} Nxe3
{[%clk 0:46:55]} 20. Rxe3 {[%clk 1:19:16]} Rc5 {[%clk 0:37:33]} 21. Na4
{[%clk 1:05:43]} Rb5 {[%clk 0:35:02]} 22. Be2 {[%clk 1:02:47]} Rb4
{[%clk 0:32:21]} 23. c4 {[%clk 0:56:08]} Qb7 {[%clk 0:21:41]} 24. Ra5
{[%clk 0:55:22]} Bd7 {[%clk 0:18:22]} 25. Nf5 {[%clk 0:44:39]} Nxe4
{[%clk 0:14:52]} 26. Nxe7+ {[%clk 0:39:56]} Rxe7 {[%clk 0:15:17]} 27. Bf3
{[%clk 0:38:14]} Bc6 {[%clk 0:12:54]} 28. Bxe4 {[%clk 0:36:38]} Bxe4
{[%clk 0:13:09]} 29. f3 {[%clk 0:35:32]} Bc6 {[%clk 0:11:05]} 30. Qxd6
{[%clk 0:33:59]} Rxb3 {[%clk 0:07:55]} 31. Nc5 {[%clk 0:25:49]} Rb1+
{[%clk 0:08:05]} 32. Kf2 {[%clk 0:26:09]} Qb4 {[%clk 0:03:50]} 33. Qxe7
{[%clk 0:16:53]} Qd2+ {[%clk 0:03:13]} 34. Re2 {[%clk 0:11:12]} Qd4+
{[%clk 0:03:40]} 35. Kg3 {[%clk 0:11:06]} Qf4+ {[%clk 0:03:45]} 36. Kf2
{[%clk 0:10:38]} Qd4+ {[%clk 0:04:09]} 37. Kg3 {[%clk 0:10:55]} Qf4+
{[%clk 0:04:35]} 38. Kf2 {[%clk 0:11:17]} Qd4+ {[%clk 0:04:21]} 39. Kg3
{[%clk 0:11:35]} Qf4+ 1/2-1/2

[Event "Hastings Masters 2016/17"]
[Site "Hastings, England"]
[Date "2016.12.29"]
[Round "2.9"]
[White "Ramsdal, Jens Albert"]
[Black "Hansen, Mads"]
[Result "0-1"]
[WhiteElo "2190"]
[BlackElo "2452"]
[PlyCount "0"]
[EventDate "2016.12.28"]

1. e4 {[%clk 1:40:35]} e5 {[%clk 1:40:53]} 2. Nf3 {[%clk 1:40:58]} Nc6
{[%clk 1:41:20]} 3. Bb5 {[%clk 1:41:21]} a6 {[%clk 1:41:46]} 4. Ba4
{[%clk 1:41:45]} Nf6 {[%clk 1:42:12]} 5. O-O {[%clk 1:42:08]} Be7
{[%clk 1:42:39]} 6. Re1 {[%clk 1:42:32]} b5 {[%clk 1:43:07]} 7. Bb3
{[%clk 1:42:57]} O-O {[%clk 1:43:32]} 8. h3 {[%clk 1:43:10]} Bb7 {[%clk 1:43:59]}
9. d3 {[%clk 1:42:16]} d6 {[%clk 1:44:25]} 10. Nbd2 {[%clk 1:42:37]} Na5
{[%clk 1:40:54]} 11. a4 {[%clk 1:41:39]} Nxb3 {[%clk 1:40:08]} 12. Nxb3
{[%clk 1:42:02]} c5 {[%clk 1:35:58]} 13. Bd2 {[%clk 1:39:32]} b4 {[%clk 1:34:44]}
14. c4 {[%clk 1:35:24]} Ne8 {[%clk 1:21:46]} 15. g4 {[%clk 1:23:26]} Qd7
{[%clk 1:16:09]} 16. Nh2 {[%clk 1:19:11]} Nc7 {[%clk 1:10:18]} 17. Nc1
{[%clk 1:17:54]} Kh8 {[%clk 1:08:34]} 18. Qf3 {[%clk 1:02:46]} f5
{[%clk 1:05:18]} 19. gxf5 {[%clk 1:01:15]} g6 {[%clk 1:05:43]} 20. Bh6
{[%clk 0:56:33]} Rf7 {[%clk 1:06:07]} 21. f6 {[%clk 0:56:36]} Bxf6
{[%clk 1:04:29]} 22. Ng4 {[%clk 0:49:55]} Bh4 {[%clk 0:59:57]} 23. Qe3
{[%clk 0:43:27]} Ne6 {[%clk 0:46:30]} 24. Ne2 {[%clk 0:42:04]} g5
{[%clk 0:45:09]} 25. Kh2 {[%clk 0:41:52]} Rg8 {[%clk 0:43:42]} 26. Rg1
{[%clk 0:41:03]} Rg6 {[%clk 0:40:26]} 27. Rg2 {[%clk 0:41:17]} Qe7
{[%clk 0:39:26]} 28. Rag1 {[%clk 0:34:31]} Bc8 {[%clk 0:39:07]} 29. Qxg5
{[%clk 0:32:05]} 0-1